000 00562cam a2200205 a 4500
020 _a0073398128 (alk. paper)
020 _a9780073398129 (alk. paper)
020 _a9780077366643 (hbk.)
020 _a0077366646 (hbk.)
082 0 0 _a621.4022
_bCEN/HE
100 1 _aÇengel, Yunus A.
245 1 0 _aHeat and mass transfer :
250 _a4th ed.
260 _aNew Delhi :
_bTata McGraw-Hill,
_cc2011.
300 _axix, 924 p. :
_bill. ;
_e1 DVD-ROM (4 3/4 in.)
650 0 _aHeat
650 0 _aMass transfer.
700 1 _aGhajar, Afshin J.
942 _cBK
999 _c13937
_d13937